Shadowhunters Characters by Surname Quiz Stats

 Plays Quiz not verified by Sporcle

Score 0/107 Timer 20:00
1 Play Today
Surname/Family Name First/Given Name % Correct
HerondaleJace
99.5%
Fairchild/Fray/MorgernsternClary
99.2%
LewisSimon
98.5%
BaneMagnus
97.2%
Greymark/GarrowayLuke
96%
MorgernsternValentine
95.1%
LightwoodAlec
92.8%
Fairchild/Fray/MorgernsternJocelyn
92%
LightwoodIsabelle
91.3%
MorgernsternJonathan Christopher
89.4%
LightwoodMax
83.4%
Lightwood-BaneMax
83.4%
Lightwood/TruebloodMayrse
78.4%
CarstairsJem
77.1%
VerlacSebastian
76.4%
RobertsMaia
76.4%
LightwoodRobert
74.9%
CarstairsEmma
74.4%
HerondaleWill
74%
ShadowhunterJonathan
73.4%
GrayTessa
72.4%
SantiagoRaphael
71.7%
Herondale/WhitelawImogen
67.3%
BellcourtCamille
65.2%
PenhallowAline
64.3%
HerondaleStephen
63.7%
StarkweatherHodge
62.1%
BlackthornJulian
61.8%
BlackthornHelen
61.3%
LightwoodGideon
61%
KyleJordan
60.8%
BlackthornMark
57.1%
LightwoodGabriel
56.8%
FellRagnor
56.6%
HerondaleJames
56.3%
BlackthornOlivia
53.9%
Surname/Family Name First/Given Name % Correct
BranwellHenry
53.8%
HerondaleCecily
53.1%
CarstairsJohn
52.9%
BlackthornTiberius
52.6%
PenhallowJia
52.4%
BranwellCharlotte
51.9%
Lovelace/GrayJessamine
51.9%
WaylandMichael
51.3%
RookKit
50.8%
LossCatarina
50.3%
LightwoodAlexander
49.6%
Herondale/MonteclanCeline
47.7%
Collins/LightwoodSophie
47.6%
BlackthornDrusilla
47.6%
Graymark/HerondaleAmatis
46.7%
MortmainAxel
45.7%
BlackthornOctavian
45.4%
MeowChairman
44.7%
RosalesCristina
44.1%
LightwoodBenedict
43.9%
LightwoodAnna
42%
Herondale/KingsmillLydia
41.5%
HerondaleLucie
41.2%
RosalesDiego
40.2%
Lightwood-BaneRafael
39.9%
LightwoodChristopher
39.4%
CarstairsCordelia
39.2%
Carstairs/TownsendCordelia
39.2%
FadeMalcolm
38%
BrownMaureen
37.5%
HerondaleEdmund
37%
HerondaleElla
36.7%
VelasquezBat
36.7%
WrayburnDiana
36.5%
LightwoodTatiana
36.2%
RookJohnny
35.5%
Surname/Family Name First/Given Name % Correct
GrayNathenial
34.2%
BlackthornArthur
34.2%
AshdownCameron
34%
LightwoodAndrew
32.5%
LovelaceGeorge
32.3%
MidnightLady
31.3%
LightwoodThomas
31%
De QuinceyAlexei
31%
RosalesJaime
30.8%
LightwoodBarbara
28.1%
Lightwood/PangbornBarbara
28.1%
BlackthornJesse
27.1%
Herondale/OwensLinette
26.3%
FairchildMatthew
26%
Lightwood/CartwrightGrace
25.6%
BlackthornGrace
25.6%
HerondaleOwen
25.5%
Ap NaddGwyn
25.3%
ScottWoosley
23.5%
HerondaleMarcus
22.6%
HerondaleTobias
21.9%
FairchildCharles
20.8%
LightwoodEugenia
20.4%
CarstairsElias
20.1%
CarstairsAlastair
19.1%
'The Silent'David
18.6%
Carstairs/YuKe Wen
18.3%
CarstairsJonah
17.4%
MendozaBeatriz
16.4%
Lightwood/GladstonePhoebe
15.1%
Lightwood/MonteverdeCatia
13.7%
CarstairsSona
13.7%
ShadowhunterAbigail
11.7%
Carstairs/VerlacColette
9%
LightwoodIsadore
6.2%

You're not logged in!

Compare scores with friends on all Sporcle quizzes.
OR
Log In

Sporcle TV

Today on Sporcle TV


Watch our educational content, quiz creation guides, and fun videos on Sporcle TV.

Show Comments

Extras

Created Aug 27, 2017ReportNominate
Tags:character, Family, surname

Top Quizzes Today


Score Distribution

Your Account Isn't Verified!

In order to create a playlist on Sporcle, you need to verify the email address you used during registration. Go to your Sporcle Settings to finish the process.

Report this User

Report this user for behavior that violates our Community Guidelines.

Details: